Sports Quiz

Random Sports or NBA Quiz

NBA 15-15-15 Triple Doubles Quiz Stats

 Plays Quiz Updated Apr 13, 2018

Challenge
Share
Tweet
Embed
Score 0/11 Timer 03:00
4 Plays Today
Team Player % Correct
Oklahoma City ThunderRussell Westbrook
99%
Oklahoma City ThunderRussell Westbrook
99%
Houston RocketsJames Harden
98%
Oklahoma City ThunderRussell Westbrook
97.8%
Los Angeles LakersMagic Johnson
89.3%
Los Angeles LakersMagic Johnson
89.3%
Boston CelticsLarry Bird
87.9%
Boston CelticsRajon Rondo
84.2%
Dallas MavericksJason Kidd
71.7%
Dallas MavericksJason Kidd
71.7%
Denver NuggetsNikola Jokic
70.3%

You're not logged in!

Compare scores with friends on all Sporcle quizzes.
Join for Free
OR
Log In

You Might Also Like...

Show Comments

Extras

Top Quizzes Today


Score Distribution

Your Account Isn't Verified!

In order to create a playlist on Sporcle, you need to verify the email address you used during registration. Go to your Sporcle Settings to finish the process.

Report this User

Report this user for behavior that violates our Community Guidelines.

Details: